Remeselný pivovar s reštauráciou

Uložené v:
Podrobná bibliografia
Hlavný autor: Hudran, Tomáš (Autor)
Ďalší autori: Vavrovič, Boris (Vedúci práce)
Médium: Rukopis Kniha
Jazyk:Slovak
Vydavateľské údaje: 2024
Predmet:
On-line prístup:http://is.stuba.sk/zp/portal_zp.pl?podrobnosti=175679
https://opac.crzp.sk/?fn=detailBiblioForm&sid=AA0D9432EF6DE826CC15164F11D3
Tagy: Pridať tag
Žiadne tagy, Buďte prvý, kto otaguje tento záznam!

MARC

LEADER 00000ntm a22000003a 4500
001 stuzp98736
003 SK-STU
005 20240920105656.2
007 ta
008 150427s2015----xo-----f-mn---000-0-slo-d
040 |a STU  |b slo 
041 0 |a slo 
100 1 |a Hudran, Tomáš  |u 010180  |4 aut  |U SvF Stavebná fakulta  |T SvF Katedra konštrukcií pozemných stavieb  |X 93190  |U V180  |Y 18  |7 93190 
242 0 1 |a Craft brewery and restaurant  |y eng 
245 1 0 |a Remeselný pivovar s reštauráciou 
260 |c 2024 
650 4 |a remeselný pivovar s reštauráciou  |2 slo 
650 4 |a novostavba  |2 slo 
650 4 |a realizačný projekt  |2 slo 
650 4 |a craft brewery and restaurant  |2 eng 
650 4 |a new-building  |2 eng 
650 4 |a implementation project  |2 eng 
700 1 |a Vavrovič, Boris  |u 010180  |k Z1  |4 ths  |U SvF Stavebná fakulta  |T SvF Katedra konštrukcií pozemných stavieb  |X 619  |U V180  |Y 18  |7 A000000619 
856 4 |u http://is.stuba.sk/zp/portal_zp.pl?podrobnosti=175679 
856 4 |u https://opac.crzp.sk/?fn=detailBiblioForm&sid=AA0D9432EF6DE826CC15164F11D3